Statystyki dla Kto Był Wtedy Na Boisku 1/8 LM 2017 Barcelona 6-1 PSG

Kliknij tutaj aby rozwiązać quiz!

Ogólne statystyki

  • Ten quiz został rozwiązany 197 razy
  • Średni wynik to 8 z 15

Statystyki odpowiedzi

Pozycja% Poprawnych
NCavani
96%
ŚOSilva
78%
ŚPVerratti
78%
RezerwowyDi Maria
76%
LOKurzawa
67%
BramkarzTrapp
66%
ŚOMarquinhos
62%
TrenerEmery
51%
LPDraxler
38%
RezerwowyKrychowiak
38%
POMeunier
31%
ŚPMatuidi
30%
ŚPRabiot
27%
PPLucas
26%
RezerwowyAurier
11%

Rozkład punktacji

Percentyl według liczby udzielonych odpowiedzi

Procent ludzi z każdym wynikiem

Twoja historia wyników

Nie rozwiązałeś tego quizu